PHYSIOLOGY: PREP. MANUAL FOR U.G. (Record no. 7970)

MARC details
000 -LEADER
fixed length control field 00330nam a2200133Ia 4500
082 ## - DEWEY DECIMAL CLASSIFICATION NUMBER
Classification number 612
Item number P 14 J
100 ## - MAIN ENTRY--PERSONAL NAME
Personal name JOSHI, VIJAYA D.
245 ## - TITLE STATEMENT
Title PHYSIOLOGY: PREP. MANUAL FOR U.G.
250 ## - EDITION STATEMENT
Edition statement 5 TH
260 ## - PUBLICATION, DISTRIBUTION, ETC. (IMPRINT)
Name of publisher, distributor, etc ELSEVIER- INDIA DELHI
Year of Publication 2014
300 ## - PAGE DESCRIPTION
No. of Pages 588
942 ## - ADDED ENTRY ELEMENTS (KOHA)
Source of classification or shelving scheme Dewey Decimal Classification
Koha item type Books
942 ## - ADDED ENTRY ELEMENTS (KOHA)
-- 21
Holdings
Withdrawn status Lost status Source of classification or shelving scheme Damaged status Not for loan Collection code Home library Current library Date acquired Vendor Name Cost, normal purchase price Volume Information (Serial or Books or Non-Book Material) SGTU Bill Number Total Checkouts Full call number Accession No. (Barcode) Date last seen Date last borrowed Bill Date Koha item type Total Renewals
    Dewey Decimal Classification     AYURVEDA SGT FA-FP Library SGT FA-FP Library 14/09/2015 ABC DELHI 495.00 3 SGTU 5610 9 612 P 14 J FA2396 27/05/2026 07/05/2026 31/03/2015 Books  
    Dewey Decimal Classification     AYURVEDA SGT FA-FP Library SGT FA-FP Library 14/09/2015 ABC DELHI 495.00 3 SGTU 5611 3 612 P 14 J FA2397 16/07/2022 05/07/2022 31/03/2015 Books  
    Dewey Decimal Classification     AYURVEDA SGT FA-FP Library SGT FA-FP Library 14/09/2015 ABC DELHI 495.00 3 SGTU 5612 8 612 P 14 J FA2398 31/12/2024 23/12/2024 31/03/2015 Books 1
    Dewey Decimal Classification     AYURVEDA SGT FA-FP Library SGT FA-FP Library 14/09/2015 ABC DELHI 495.00 3 SGTU 5613 9 612 P 14 J FA2399 31/05/2024 26/04/2024 31/03/2015 Books  
    Dewey Decimal Classification     AYURVEDA SGT FA-FP Library SGT FA-FP Library 14/09/2015 ABC DELHI 495.00 3 SGTU 5614 1 612 P 14 J FA2400 31/08/2023 18/08/2023 31/03/2015 Books